000 00906nam a22002897a 4500
005 20230512221849.0
008 180420t xxu||||| |||| 00| 0 eng d
020 _a9789814604185
040 _cCSPC
082 0 _a515
_bL613c
100 _aLial, Margaret
_eauthor.
245 0 0 _aCalculus with applications
_cMargaret Lial
250 _a10th
_bEdition
260 _aSingapore :
_bPearson Education South Asia Pte. Ltd.,
_c2014.
300 _aI, 792 pages :
_bfigures, tables;
_c27 cm.
336 _2rdacontent
_atext
337 _2rdamedia
_aunmediated
338 _2rdacarrier
_avolume
500 _aIncludes Index.
650 1 0 _aCalculus.
700 1 _aGreenwell, Raymond N.,
_eauthor.
700 1 _aRitchey, Nathan P.,
_eauthor.
940 _aLenie
942 _cBOOK
_jCIR 515 L613c 2014
999 _c3530
_d3530